=LDR 00000nam 2200000 4500 =001 INLIS000000000013369 =005 20130612104756 =008 ***********************************Ind** =035 ##$$0010-061300000013369 =041 ##$$a Ind =082 ##$$a 028.5 =090 ##$$a 028.5, Sya s =100 ##$$a Syafei, Muhammad =245 ##$$a Selamat jalan kawan-kawanku, Muhammad Syafei, S.Pd =260 ##$$a 2001 $b Jakarta =300 ##$$a 62 hlm, Ilus, 21 cm =650 ##$$a Bacaan anak-anak =850 ##$$a NBPNMAT